| 000 | 00798nam a2200265 a 4500 | ||
|---|---|---|---|
| 001 | 000108061 | ||
| 003 | CHAP | ||
| 005 | 20230519094535.0 | ||
| 008 | 131202s2009 ck a |r| |||||||spa d | ||
| 010 | _a104523 | ||
| 011 | _a105495 | ||
| 020 | _a9789587360066 | ||
| 040 | _cCHAP | ||
| 082 | 0 | 4 |
_a640 _bD96 |
| 100 | 1 |
_aDurán Ramírez, Felipe _934702 |
|
| 245 | 1 | 3 |
_aLa biblia de las recetas industriales : _bobra de fácil consulta para diferentes procesos industriales / _cpor Felipe Durán Ramírez. |
| 260 |
_a[Colombia] : _bGrupo Latino, _c[2009]. |
||
| 300 |
_a1328 p. : _bil., gráfs., diags. |
||
| 590 |
_aBATCH-UPD _b05 _c20131202 _lUCH01 _h1434 |
||
| 590 |
_aE6096MTM _b05 _c20131202 _lUCH01 _h1433 |
||
| 650 | 1 | 4 |
_aRecetarios. _9124849 |
| 901 | _aBK | ||
| 942 | _cLIBRO | ||
| 942 | _n0 | ||
| 999 |
_c104523 _d104523 |
||